000 01124cam a22003017a 4500
999 _c15928
_d15928
003 EG-SCBUE
005 20200119132239.0
008 110825s1985 ua f b 000 0 bara d
017 _a2950
020 _a9770105872
040 _aEG-SCBUE
_bara
_erda
_cEG-SCBUE
_dEG-SCBUE
043 _af-ua---
082 0 4 _a892.78509
_bأ ح م
_222
100 1 _aأحمد، عبد اللاه عبد المطلب،
_eمؤلف.
_926929
245 1 2 _aالمويلحى الصغير :
_bحياته وأدبه /
_cعبد اللاه عبد المطلب أحمد.
264 1 _a[القاهرة] :
_bالهيئة المصرية العامة للكتاب،
_c1985.
300 _a375 صفحة ؛
_c24 سم
336 _2rdacontent
_aنص
_btxt
337 _2rdamedia
_aبدون وسيط
_bn
338 _2rdacarrier
_aمجلد
_bnc
504 _aيشتمل على إرجاعات ببليوجرافية.
590 _ashimaahisham
600 1 7 _aمويلحى، محمد،‏
_d1858-1930.
_2BUEsh
650 7 _aالأدباء العرب
_zمصر
_vتراجم.
_2BUEsh
653 _cAugust2011
_bARALIT
655 _vReading book
942 _2ddc
_cBB